Statistics for Best Player from every Nation in Fifa 20

Click here to take the quiz!

General Stats

  • This quiz has been taken 41 times
  • The average score is 42 of 110

Answer Stats

NationRatingClubAnswer% Correct
Argentina94FC BarcelonaLionel Messi
96%
Brazil92PSGNeymar
96%
Belgium91Manchester City/ Real MadridKevin De Bruyne/ Eden Hazard
92%
Algeria84Manchester CityRiyad Mahrez
92%
Croatia90Real MadridLuka Modric
88%
France89FC Barcelona/ Chelsea/ PSGAntoine Griezmann/ N'Golo Kante/ Kylian Mbappe
84%
England89Tottenham HotspurHarry Kane
84%
Germany90FC BarcelonaMarc-Andre Ter Stegen
84%
Egypt90LiverpoolMohamed Salah
84%
Chile84FC BarcelonaArturo Vidal
80%
Austria85Bayern MunichDavid Alaba
80%
Korea Republic87Tottenham HotspurHeung-Min Son
80%
Colombia85Real MadridJames Rodriguez
80%
Costa Rica87PSGKeylor Navas
80%
Senegal88LiverpoolSadio Mane
80%
Scotland85LiverpoolAndrew Robertson
76%
Denmark88Tottenham HotspurChristian Eriksen
76%
Bosnia-Herzegovina86Piemonte CalcioMiralem Pjanic
76%
Gabon88ArsenalPierre-Emerick Aubameyang
76%
Sweden85AC MilanZlatan Ibrahimovic
76%
Iceland83EvertonGylfi Sigurdsson
72%
Slovenia91Atletico MadridJan Oblak
72%
Poland89Bayern MunichRobert Lewandowski
72%
Spain89FC Barcelona/ Manchester City/ Manchester UnitedSergio Busquets/ David Silva/ David De Gea
72%
Cameroon82Liverpool/ AjaxJoel Matip/ Andre Onana
68%
Greece85NapoliKostas Manolas
68%
Dominican Republic79Real MadridMariano
68%
Ivory Coast83Arsenal/ Crystal PalaceNicolas Pepe/ Wilfried Zaha
68%
Serbia85LazioSergej Milinkovic-Savic
68%
Montenegro82Atletico MadridStefan Savic
68%
Nigeria81Leicester CityWilfred Ndidi
68%
Italy89Piemonte CalcioGiorgio Chiellini
64%
Morocco85AjaxHakim Ziyech
64%
Ghana82Atletico MadridThomas Partey
64%
Wales85Real MadridGareth Bale
60%
Armenia81AS RomaHenrikh Mkhitaryan
60%
Uruguay89FC BarcelonaLuis Suarez
60%
United States79VFL Wolfsburg/ ChelseaJohn Brooks/ Christian Pulisic
56%
Guinea82LiverpoolNaby Keita
56%
Mexico83LAFCCarlos Vela
52%
Jamaica82Bayer LeverkusenLeon Bailey
52%
Slovakia86Inter MilanMilan Skriniar
52%
Albania82LazioThomas Strakosha
52%
Kenya78Tottenham HotspurVictor Wanyama
52%
Finland83Bayer LeverkusenLukas Hradecky
48%
Australia80Brighton & Hove AlbionMathew Ryan
48%
Switzerland85Borussia DortmundRoman Burki
48%
New Zealand77BurnleyChris Wood
44%
Central African Republic81Valencia CFGeoffrey Kondogbia
44%
Czech Republic84Werder BremenJiri Pavlenka
40%
Northern Ireland79Leicester CityJonny Evans
40%
China79RCD EspanyolWu Lei
40%
Burkina Faso78Olympique LyonBertrand Traore
32%
Israel81Guangzhou R&FEran Zahavi
32%
Turkey80AC MilanHakan Calhanoglu
32%
Russia82CSKA MoscowMario Fernandes
32%
Paraguay80Newcastle UnitedMiguel Almiron
32%
Hungary85RB LeipzigPeter Gulacsi
32%
Norway83Hertha BSCRune Jarstein
32%
Romania80LazioStefan Radu
32%
Canada76BesiktasAtiba Hutchinson
28%
Estonia76CagliariRagnar Klavan
28%
Venezuela81Atlanta UnitedJosef Martinez
24%
Japan80Eintracht FrankfurtMakoto Hasebe
24%
Mali80FC PortoMoussa Marega
24%
Republic of Ireland79EvertonSeamus Coleman
24%
DR Congo82Beijing GuoanCedric Bakambu
20%
Tunisia79Saint-EtienneWabhi Khazri
20%
Cape Verde79FC PortoZe Luis
20%
Togo83Getafe CFDakonam Djene
16%
Ecuador78LazioFelipe Caicedo
16%
Kosovo79Werder BremenMilot Rashica
16%
Moldova75Medipol Basaksehir/ CagliariAlexandru Epureanu/ Artur Ionita
12%
Angola78LazioBastos
12%
South Africa78Kaizer ChiefsItumuleng Khune
12%
Philippines75Cardiff CityNeil Etheridge
12%
Equatorial Guinea77SassuoloPedro Obiang
12%
Benin76GenclerbirligiStephane Sessegnon
12%
Honduras75Houston DynamoAlberth Elis
8%
Iraq75Vancouver WhitecapsAli Adnan
8%
Peru78Al-HilalAndre Carrillo
8%
Chad73Angers SCOCasimir Ninga
8%
FYR Macedonia78Levante UDEnis Bardhi
8%
Madagascar75Stade RennesJeremy Morel
8%
Sierra Leone74Colorado RapidsKei Kamara
8%
Ukraine82Shakhtar DonetskMarlos
8%
Zimbabwe76Aston VillaMarvelous Nakamba
8%
Luxembourg72New York City FCMaxime Chanot
8%
Syria78Al-AhliOmar Al Soma
8%
Cuba75Minnesota UnitedOsvaldo Alonso
8%
Guinea-Bissau75Nottingham ForestAlfa Semedo
4%
Iran75Brighton & Hove AlbionAlireza Jahanbakhsh
4%
Panama73San Jose EarthquakesAnibal Godoy
4%
Azerbaijan70AlbaceteEddy Silvestre
4%
Netherlands Antilles74Columbus CrewEloy Room
4%
Uzbekistan75Shanghai SIPGOdil Akhmedov
4%
Gambia77SampdoriaOmar Colley
4%
Bolivia74PueblaAlejandro Chumacero
0%
Ethiopia64Sarpsborg 08 FFAmin Askar
0%
Comoros74Malmo FFFouad Bachirou
0%
Lithuania73CFR ClujGiedrius Arlauskis
0%
Bulgaria73Pescara FCIvaylo Chochev
0%
Cyprus75Standard LiegeKonstantinos Laifis
0%
Tanzania79KRC GenkMbwana Aly Samatta
0%
Mozambique76FC BordeauxMexer
0%
Grenada65Shrewsbury TownOmar Beckles
0%
Saudi Arabia73Al-HilalSalem Al-Dawsari
0%
Georgia76Lokomotiv MoscowSolomon Kverkvelia
0%
Zambia74FC MetzStoppila Sunzu
0%
Congo74Evkur Yeni MalatyasporThievy Bifouma
0%

Score Distribution

Percentile by Number Answered

Percent of People with Each Score

Your Score History

You have not taken this quiz